=LDR 00000nam 2200000 4500 =001 INLIS000000000012692 =005 20130612104204 =008 ***********************************Ind** =035 ##$$0010-061300000012692 =041 ##$$a Ind =082 ##$$a 610 =090 ##$$a 610, Nad d =100 ##$$a Nadesul, Handiawan =245 ##$$a Dani balik kamar Praktek dakter =260 ##$$a 1993 $b Jakarta =300 ##$$a xiii, 260 hlm., 20 cm =650 ##$$a Kedokteran Prakter =850 ##$$a NBPNMAT